LEADER 04223oam 2200793 450 001 996213123103316 005 20230125184002.0 010 $a1-282-85193-4 010 $a9786612851933 010 $a1-897425-36-8 024 7 $aheb40007 035 $a(CKB)2670000000069158 035 $a(EBL)624079 035 $a(OCoLC)671374044 035 $a(SSID)ssj0000429956 035 $a(PQKBManifestationID)12183714 035 $a(PQKBTitleCode)TC0000429956 035 $a(PQKBWorkID)10452046 035 $a(PQKB)11676308 035 $a(CEL)434701 035 $a(CaBNvSL)slc00225275 035 $a(MiAaPQ)EBC3270641 035 $a(MiAaPQ)EBC4837959 035 $a(MiAaPQ)EBC624079 035 $a(Au-PeEL)EBL624079 035 $a(oapen)https://directory.doabooks.org/handle/20.500.12854/61148 035 $a(dli)heb40007.0001.001 035 $a(MiU)MIU400070001001 035 $a(VaAlCD)20.500.12592/vbkjx5 035 $a(EXLCZ)992670000000069158 100 $a20170426d2010 uy 0 101 0 $aeng 135 $aurbn#---|||u| 181 $ctxt$2rdacontent 182 $cc$2rdamedia 183 $acr$2rdacarrier 200 10$aTrail of story, traveller's path $ereflections on ethnoecology and landscape /$fby Leslie Main Johnson 210 $cAthabasca University Press$d2010 210 1$aEdmonton, Alberta :$cAU Press,$d2010. 210 4$dİ2010 215 $a1 online resource (257 pages) $cillustrations, maps 311 $a1-897425-35-X 320 $aIncludes bibliographical references and index. 327 $aCover Page -- Title Page -- Copyright Page -- Contents -- Figures -- Tables -- Acknowledgements -- Chapter 1 Trails and Visions: Reflections on Ethnoecology, Landscape, and Knowing -- Chapter 2 Landscape Ethnoecology: Nexus of People, Land, and Lifeways -- Chapter 3 Trail of Story: Gitksan Understanding of Land and Place -- Chapter 4 Traveller's Path: Witsuwit'en Knowledge of the Land -- Chapter 5 Of Berry Patches: What Makes a Kind of Place? -- Chapter 6 Lookouts, Moose Licks, and Fish Lakes: Considering Kaska Understanding of the Land -- Chapter 7 Envisioning Ethnoecology: Movement through Place and Season -- Chapter 8 A Gwich'in Year on the Land -- Chapter 9 Of Nets and Nodes: Reflections on Dene Ethnoecology and Landscape -- Chapter 10 Of Named Places -- Chapter 11 Trails versus Polygons: Contrasting Visions of the Land -- Chapter 12 Implications: GIS and the Storied Landscape -- Chapter 13 The Ecology of Knowing the Land -- Endnotes -- References -- Index. 330 $aTrail of Story examines the meaning of landscape, drawn from Leslie Main Johnsons rich experience with diverse environments and peoples, including the Gitksan and Witsuwiten of northwestern British Columbia, the Kaska Dene of the southern Yukon, and the Gwichin of the Mackenzie Delta. With passion and conviction, Johnson maintains that our response to our environment shapes our culture, determines our lifestyle, defines our identity, and sets the tone for our relationships and economies. With photos, she documents the landscape and contrasts the ecological relationships with land of First Nations peoples to those of non-indigenous scientists. The result is an absorbing study of local knowledge of place and a broad exploration of the meaning of landscape. 606 $aLandscape ecology$zCanada, Northern 606 $aTraditional ecological knowledge$zCanada, Northern 606 $aIndians of North America$xEthnobiology$zCanada, Northern 606 $aLandscapes$zCanada, Northern 606 $aNames, Geographical$zCanada, Northern 610 $aFirst Nations 610 $aculture 610 $aBritish Columbia 610 $ahistory 615 0$aLandscape ecology 615 0$aTraditional ecological knowledge 615 0$aIndians of North America$xEthnobiology 615 0$aLandscapes 615 0$aNames, Geographical 676 $a304.2089970719 700 $aJohnson$b Leslie Main$f1950-$0965212 801 0$bMiAaPQ 801 1$bMiAaPQ 801 2$bMiAaPQ 801 2$bUkMaJRU 906 $aBOOK 912 $a996213123103316 996 $aTrail of story, traveller's path$92189828 997 $aUNISA LEADER 02133nam 2200649 450 001 9910789156903321 005 20230925043036.0 010 $a1-78371-014-4 010 $a1-78371-013-6 035 $a(CKB)3710000000081863 035 $a(EBL)3386751 035 $a(SSID)ssj0001158100 035 $a(PQKBManifestationID)11649192 035 $a(PQKBTitleCode)TC0001158100 035 $a(PQKBWorkID)11211598 035 $a(PQKB)10996411 035 $a(Au-PeEL)EBL3386751 035 $a(CaPaEBR)ebr10824197 035 $a(CaONFJC)MIL987477 035 $a(OCoLC)871173313 035 $a(MiAaPQ)EBC3386751 035 $a(EXLCZ)993710000000081863 100 $a20140111d2014 uy| 0 101 0 $aeng 135 $aur|n|---||||| 181 $ctxt 182 $cc 183 $acr 200 14$aThe fair trade scandal $emarketing poverty to benefit the rich /$fNdongo Samba Sylla ; translated by David Cle?ment Leye 210 1$aLondon :$cPluto Press,$d2014. 215 $a1 online resource (208 p.) 300 $a"First published 2013 by Harmattan Se?ne?gal as Le Scandale commerce e?quitable : le marketing de la pauvrete? au service des riches"--T.p. verso. 311 $a0-7453-3424-5 311 $a0-7453-3425-3 320 $aIncludes bibliographical references and index. 606 $aInternational trade$xMoral and ethical aspects 606 $aMarketing$xMoral and ethical aspects 606 $aProduce trade$zDeveloping countries 606 $aCompetition, Unfair 606 $aFair trade foods 606 $aPrice maintenance 615 0$aInternational trade$xMoral and ethical aspects. 615 0$aMarketing$xMoral and ethical aspects. 615 0$aProduce trade 615 0$aCompetition, Unfair. 615 0$aFair trade foods. 615 0$aPrice maintenance. 676 $a192 700 $aSylla$b Ndongo Samba$01032987 701 $aLeye$b David Cle?ment$01574393 801 0$bMiAaPQ 801 1$bMiAaPQ 801 2$bMiAaPQ 906 $aBOOK 912 $a9910789156903321 996 $aThe fair trade scandal$93850659 997 $aUNINA